Statistics for Taylor Swift - Don't Blame Me Lyrics

Click here to take the quiz!

General Stats

  • This quiz has been taken 196 times
    (192 since last reset)
  • The average score is 359 of 390

Answer Stats

Answer% Correct
be
100%
blame
100%
Don't
100%
I
100%
love
100%
me
100%
a
99%
For
99%
for
99%
is
99%
life
99%
my
99%
My
99%
of
99%
rest
99%
right
99%
the
99%
you
99%
baby
98%
crazy
98%
doin'
98%
drug
98%
If
98%
I'll
98%
it
98%
made
98%
Usin'
98%
usin'
98%
doesn't
97%
ain't
96%
Lord
96%
save
96%
time"
96%
time
96%
In
94%
to
94%
And
93%
oh
93%
Oh
93%
I've
91%
your
91%
just
89%
Just
89%
would
88%
been
87%
I'm
87%
so
87%
was
85%
on
84%
Every
83%
every
83%
long
83%
touch
83%
I'd
82%
breakin'
81%
too
81%
but
80%
hearts
80%
lovin'
80%
mind
80%
name
80%
say
80%
They
80%
this
80%
you're
80%
You're
80%
decide
78%
waste
78%
with
78%
cross
77%
far
77%
gone
77%
line
77%
stay
77%
whatever
77%
away
76%
beg
76%
face
76%
first
76%
from
76%
get
76%
knees
76%
lose
76%
mine
76%
now
76%
call
75%
guys
75%
"She's
75%
walk
75%
them
74%
fall
72%
grace
72%
happened
72%
high
72%
paradise
72%
Something
72%
touchin'
72%
toyin'
72%
daisy
71%
older
71%
ivy
70%
poison
69%
Echoes
68%
once
68%
darkest
67%
need
67%
Halo
66%
inside
66%
use
66%
gonna
65%
insane
61%
Shaking
61%
Trip
60%
little
56%
playthings
55%
hiding
54%
obsession
54%
pacin'
46%
Woah
43%

Score Distribution

Percentile by Number Answered

Percent of People with Each Score

Your Score History

You have not taken this quiz since the last reset